Представление документа в формате MARC21

Поле Инд. ПП Название Значение
Тип записи a
Библиографический уровень m
001 Контрольный номер RU/LIBMSTU/348310892
005 Дата корректировки 20160413114844.5
008 Кодируемые данные 110117|||||||||ru |||||||||||000|||rus||
020 a ISBN 978-5-85510-342-7
c Цена, тираж 200-00
040 b Код языка каталог. rus
041 0_ a Код языка текста rus
084 a Индекс другой классификации/Индекс ББК 20.1+20.18
090 a Полочн. индекс 20.1
x Авторский знак Д 63
245 10 a Заглавие Доклад о состоянии и об охране окружающей среды Мурманской области в 2009 году
c Ответственность Ком. природопользования и экологии Мурман. обл. ; [ред. Т. Т. Федорова]
260 a Место издания Мурманск
b Издательство Кн. изд-во
c Дата издания 2010
300 a Объем 149, [2] с.
b Иллюстрации/ тип воспроизводства [4] л. ил.
583 x Служебное примечание Краеведческий каталог
650 04 a Основная рубрика Охрана окружающей среды-Мурманская область
651 _4 a Географическое наименование Мурманская область
653 0_ a Ключевые слова Атмосферный воздух
a Ключевые слова Выбросы вредных веществ
a Ключевые слова Гигиена
a Ключевые слова Гигиена атмосферного воздуха
a Ключевые слова Гигиена почвы
a Ключевые слова Животный мир Мурманска
a Ключевые слова Загрязнение водных объектов
a Ключевые слова Здоровье населения
a Ключевые слова Охрана окружающей среды
a Ключевые слова Охраняемые природные территории
a Ключевые слова Природные ресурсы
a Ключевые слова Природопользование
a Ключевые слова Растительный мир Мурманска
700 12 a Другие авторы Федорова Т. Т.
e Роль лиц ред.
901 t Тип документа m